河合塾校舎・教室 - Statistics

General Stats
  • This quiz has been taken 127 times
  • The average score is 23 of 49
Answer Stats
所在地域 備考 校舎・教室名 % Correct
北海道地方 学校法人河合塾 札幌校
89%
東北地方 学校法人河合塾 仙台校
87%
学校法人河合塾 新宿校
87%
九州地方 学校法人河合塾 福岡校
80%
学校法人河合塾 横浜校
79%
学校法人河合塾 池袋校
78%
大阪北キャンパス 学校法人河合塾 大阪校
78%
学校法人河合塾 京都校
76%
中国地方 学校法人河合塾 広島校
76%
学校法人河合塾 大宮校
72%
学校法人河合塾 浜松校
68%
中部地方 学校法人河合塾 岐阜校
65%
株式会社河合塾進学研究社 千葉現役館
64%
学校法人河合塾 豊橋校
64%
学校法人河合塾 立川校
56%
株式会社河合塾進学研究社 津現役館
56%
株式会社河合塾進学研究社 岡崎現役館
55%
学校法人河合塾 柏校
54%
学校法人河合塾 名駅校
54%
株式会社河合塾進学研究社 藤沢館
51%
株式会社河合塾進学研究社 北九州現役館
49%
学校法人河合塾 町田校
48%
関東地方 学校法人河合塾 水戸校
47%
学校法人河合塾 天王寺校
46%
株式会社河合塾進学研究社 吉祥寺現役館
45%
東大専門 学校法人河合塾 本郷校
44%
学校法人河合塾 千種校
44%
株式会社河合塾進学研究社 豊田現役館
42%
近畿地方 株式会社河合塾進学研究社 四日市現役館
41%
学校法人河合塾 津田沼校
39%
株式会社河合塾進学研究社 川越現役館
38%
株式会社河合塾進学研究社 秋葉原館
35%
医学部特化 学校法人河合塾 麹町校
33%
株式会社河合塾進学研究社 現役生教室 高槻
32%
学校法人河合塾 自由が丘校
31%
株式会社河合塾進学研究社 刈谷現役館
31%
学校法人河合塾 神戸三宮校
27%
学校法人河合塾 上本町校
26%
株式会社河合塾進学研究社 現役生教室 豊中
25%
株式会社河合塾進学研究社 調布現役館
22%
株式会社河合塾進学研究社 あざみ野現役館
22%
株式会社河合塾進学研究社 厚木現役館
19%
株式会社河合塾進学研究社 南浦和現役館
16%
株式会社河合塾進学研究社 金沢文庫現役館
15%
株式会社河合塾進学研究社 現役生教室 堺東
15%
株式会社河合塾進学研究社 現役生教室 岸和田
13%
株式会社河合塾進学研究社 現役生教室 西大寺
11%
株式会社河合塾進学研究社 星ヶ丘現役館
7%
株式会社河合塾進学研究社 現役生教室 八木
6%
No matching quizzes found
Score Distribution
Percent of People with Each Score
Percentile by Number Answered
Your Score History
You have not taken this quiz